Técnica Alexander para músicos: la zona de confort. Salud y equilibro en la música

保存先:
書誌詳細
第一著者: García Martínez, Rafael (著者)
フォーマット: 図書
言語:スペイン語
出版事項: Barcelona Robinbook S. L 2013
版:1a. ed
シリーズ:Taller de Música
主題:
タグ: タグ追加
タグなし, このレコードへの初めてのタグを付けませんか!

MARC

LEADER 00000cam a2200000 a 4500
001 UCC5878
003 CL-VaPUC
008 181109e20130000sp |||||||||||||||||spa|d
020 |a 9788415256526 
082 0 4 |a 615.82  |b GAR  |2 21 
100 0 |a García Martínez, Rafael  |e author  |9 600300 
245 1 0 |a Técnica Alexander para músicos: la zona de confort. Salud y equilibro en la música 
250 |a 1a. ed 
300 |a 158 p 
942 |c BK 
945 |d 20181109 15:19:00  |a dcastane 
260 |a Barcelona  |b Robinbook S. L  |c 2013 
650 0 |a Fisioterapia  |9 307408 
650 7 |a METODOS DE RELAJACION  |2 CL-VaPUC  |9 538383 
650 7 |a TECNICA ALEXANDER  |2 CL-VaPUC  |9 538384 
650 7 |a POSTURA CORRECTA  |2 CL-VaPUC  |9 600301 
583 |a last modification  |c 20181109 15:19:00  |k Rodrigo Vera 
490 0 |a Taller de Música 
999 |c 372986  |d 372984 
952 |0 0  |1 0  |3 erb  |4 0  |6 615_820000000000000_GAR_2013  |7 0  |8 ?  |9 490887  |a BIBEDU  |b BIBEDU  |i 5510929  |o 615.82 GAR 2013  |p 5510929  |r 2023-01-12  |w 2019-11-24  |y BK  |z Catalogado en:20181109  |k MUS 
952 |0 0  |1 0  |3 erb  |4 0  |6 615_820000000000000_GAR_2013  |7 0  |8 ?  |9 490888  |a BIBEDU  |b BIBEDU  |i 5510910  |o 615.82 GAR 2013  |p 5510910  |r 2023-01-12  |w 2019-11-24  |y BK  |z Catalogado en:20181109  |k MUS